Fr. Conceicao Rodrigues College of Engineering

High speed networks and internets (Record no. 26275)

MARC details
000 -LEADER
fixed length control field 00384nam a2200181Ia 4500
082 ## - DEWEY DECIMAL CLASSIFICATION NUMBER
Classification number 4.6
Item number STA
100 ## - MAIN ENTRY--PERSONAL NAME
Personal name Stallings/William
250 ## - EDITION STATEMENT
Edition statement 2
245 ## - TITLE STATEMENT
Title High speed networks and internets
260 ## - PUBLICATION, DISTRIBUTION, ETC.
Name of publisher, distributor, etc. Pearson Education
Date of publication, distribution, etc. 2002
366 ## - TRADE AVAILABILITY INFORMATION
Publishers's discount category 20
300 ## - PHYSICAL DESCRIPTION
Extent 715
546 ## - LANGUAGE NOTE
Language note ENGLISH
650 ## - SUBJECT ADDED ENTRY--TOPICAL TERM
Topical term or geographic name entry element Networks
654 ## - SUBJECT ADDED ENTRY--FACETED TOPICAL TERMS
Focus term High speed networks
942 ## - ADDED ENTRY ELEMENTS (KOHA)
Koha item type BOOK
Holdings
Withdrawn status Lost status Damaged status Not for loan Collection Home library Current library Date acquired Source of acquisition Cost, normal purchase price Inventory number Total Checkouts Full call number Barcode Date last seen Cost, replacement price Price effective from Koha item type
        CRC Fr. Agnel's C.Rodrigues College of Engineering Fr. Agnel's C.Rodrigues College of Engineering 17/03/2023 Shroff Publishers 759.20 03650 dt 22.01.2019   4.6 STA 25456 17/03/2023 949.00   BOOK